Japanese aircraft of the pecific war
সংরক্ষণ করুন:
| প্রধান লেখক: | |
|---|---|
| বিন্যাস: | গ্রন্থ |
| ভাষা: | Undetermined |
| প্রকাশিত: |
London
Putnam & Company
1979
|
| বিষয়গুলি: | |
| ট্যাগগুলো: |
ট্যাগ যুক্ত করুন
কোনো ট্যাগ নেই, প্রথমজন হিসাবে ট্যাগ করুন!
|
| Thư viện lưu trữ: | Trung tâm Học liệu Trường Đại học Cần Thơ |
|---|
| LEADER | 00534nam a2200193Ia 4500 | ||
|---|---|---|---|
| 001 | CTU_98461 | ||
| 008 | 210402s9999 xx 000 0 und d | ||
| 082 | |a 358.4 | ||
| 082 | |b F817 | ||
| 100 | |a Francillon, René J. | ||
| 245 | 0 | |a Japanese aircraft of the pecific war | |
| 245 | 0 | |c René J. Francillon | |
| 260 | |a London | ||
| 260 | |b Putnam & Company | ||
| 260 | |c 1979 | ||
| 650 | |a Airplanes, military,Aircraft industry | ||
| 650 | |z Japan | ||
| 904 | |i Tuyến | ||
| 980 | |a Trung tâm Học liệu Trường Đại học Cần Thơ | ||